Japanische Märchen (Record no. 252648)
[ view plain ]
| 000 -LEADER | |
|---|---|
| fixed length control field | 01233cam a22002653a 4500 |
| 001 - CONTROL NUMBER | |
| control field | 23393 |
| 003 - CONTROL NUMBER IDENTIFIER | |
| control field | PGUSA |
| 005 - DATE AND TIME OF LATEST TRANSACTION | |
| control field | 20140828083511.0 |
| 008 - FIXED-LENGTH DATA ELEMENTS--GENERAL INFORMATION | |
| fixed length control field | 071107s2007||||xxu|||||s|||||000 | eng d |
| 040 ## - CATALOGING SOURCE | |
| Original cataloging agency | PGUSA |
| Language of cataloging | eng |
| 042 ## - AUTHENTICATION CODE | |
| Authentication code | dc |
| 050 #4 - LIBRARY OF CONGRESS CALL NUMBER | |
| Classification number | PZ |
| 050 #4 - LIBRARY OF CONGRESS CALL NUMBER | |
| Classification number | GR |
| 245 10 - TITLE STATEMENT | |
| Title | Japanische Märchen |
| Medium | [electronic resource] |
| 260 ## - PUBLICATION, DISTRIBUTION, ETC. (IMPRINT) | |
| Name of publisher, distributor, etc | Project Gutenberg, |
| Date of publication, distribution, etc | 2007 |
| 505 0# - FORMATTED CONTENTS NOTE | |
| Formatted contents note | Juki-onna -- Der weiße Fuchs -- Urashima Taro -- Wenn man mit Kobolden tanzt -- Neid bringt Leid -- Der schlaue Polizist -- Der Abt des Klosters Yakhusi -- List geht über Gewalt -- Die Kröte von Osaka und die von Kyoto -- Der Affe und der Sake -- Die Auster -- Der Sperling mit abgeschnittener Zunge -- Die geplagte Krabbe -- Der kluge Hase -- Maorigashima -- Der Hase und der Dachs -- Schlauheit schützt nicht vor Täuschung -- Der bedächtige Reiher -- Belohnte -- Kindesliebe -- Der bestrafte Tierquäler -- Rai-taro -- Hotaru -- Horaisan -- Die Wünsche des Steinhauers |
| 506 ## - RESTRICTIONS ON ACCESS NOTE | |
| Terms governing access | Public domain in the USA. |
| 516 ## - TYPE OF COMPUTER FILE OR DATA NOTE | |
| Type of computer file or data note | Electronic text |
| 653 ## - INDEX TERM--UNCONTROLLED | |
| Uncontrolled term | Folklore -- Japan |
| 653 ## - INDEX TERM--UNCONTROLLED | |
| Uncontrolled term | Fairy tales |
| 700 1# - ADDED ENTRY--PERSONAL NAME | |
| Personal name | Alberti, Karl |
| 830 #0 - SERIES ADDED ENTRY--UNIFORM TITLE | |
| Uniform title | Project Gutenberg |
| Volume number/sequential designation | 23393 |
| 856 40 - ELECTRONIC LOCATION AND ACCESS | |
| Uniform Resource Identifier | <a href="http://www.gutenberg.org/ebooks/23393">http://www.gutenberg.org/ebooks/23393</a> |
| 942 ## - ADDED ENTRY ELEMENTS (KOHA) | |
| Koha item type | eBooks |
| Withdrawn status | Lost status | Damaged status | Home library | Current library | Date acquired | Total Checkouts | Date last seen | Price effective from | Koha item type |
|---|---|---|---|---|---|---|---|---|---|
| Project Gutenberg | Project Gutenberg | 08/28/2014 | 08/28/2014 | 08/28/2014 | eBooks |